| 000 | 00993nac a22003257a 4500 | ||
|---|---|---|---|
| 001 | BR6004800 | ||
| 003 | BR-BrBNA | ||
| 005 | 20240105113116.0 | ||
| 008 | 230509b bl.|||m| |||| 00| 0 por d | ||
| 040 |
_aBR-BrBNA _bpor _cBiblioteca Nacional de Agricultura |
||
| 072 | _aF00 | ||
| 090 | _a1900 BR6004800 | ||
| 100 | 1 | _aAmaral, J.K. | |
| 100 | 1 | _aAlves, R.T. | |
| 100 | 1 | _aDel Duca, L.O.A. | |
| 100 | 1 | _aCosta, N.L. da | |
| 110 | 1 |
_aInstituto de Pesquisa Agropecuaria do Sul, Pelotas, RS (Brasil) _96097 |
|
| 245 | 1 | _aForrageiras em destaque - para terras de arroz | |
| 260 | 3 |
_aPelotas, RS (Brasil): _c1971. |
|
| 300 | _a18 p. | ||
| 490 |
_aCircular - Instituto de Pesquisa Agropecuaria do Sul (Brazil) _vno. 51 _x |
||
| 500 | _a10 ref. | ||
| 650 | _aPRATICA CULTURAL | ||
| 650 | _aROTACAO DE CULTURA | ||
| 650 | _aCONSORCIACAO DE CULTURA | ||
| 650 | _aPLANTA FORRAGEIRA | ||
| 650 | _aARROZ | ||
| 909 |
_a202312 _bLúcia Elande _c55 _dLúcia Elande |
||
| 942 |
_2AGRIS _n0 _cMS |
||
| 999 |
_c261929 _d261929 |
||